000
00207nam a22000857a 4500
001
1235321
005
20250930123546.0
245
_a
LEYLEK HAVADA
_c
LEYLA RUHAN OKYAY
260
_b
GÜNIŞIĞI KİTAPLIĞI YAYINLARI
999
_c
1235321
_d
1235321